Principios Generales de Literatura e Historia de la Literatura Española (Registro nro. 305955)

Detalles MARC
000 -ENCABEZADO
Número de control [NR] 02343cam a22002537a 4500
005 - FECHA Y HORA DE LA ÚLTIMA TRANSACCIÓN
control field 20170208100819.0
008 - DE LONGITUD FIJA DE DATOS DE ELEMENTOS - INFORMACIÓN GENERAL
Elementos de longitud fija [NR] 940817s1884 sp fr 001 0 spa d
040 ## - FUENTE DE CATALOGACION [NR]
Agencia de catalogación original [NR] ZYU
Quien Cataloga Sandra Yazo (modificó)
Quien Clasifica Sandra Yazo (modificó)
-- Sandra Yazo (modificó)
082 04 - NUMERO DE CLASIFICACION DECIMAL DEWEY [R]
Número de clasificación [R] 860
Número de la edición [NR] 20
092 ## - SIGNATURA TOPOGRAFICA LOCAL
Número de clasificación local E42N030
100 1# - ASIENTO PRINCIPAL--NOMBRE PERSONAL [NR]
Nombre personal [NR] Revilla, Manuel de la
Fechas asociadas con el nombre [NR] 1846-1881
ID Autoridad 34176
245 10 - MENCION DE TITULO [NR]
Título [NR] Principios Generales de Literatura e Historia de la Literatura Española
Mención de responsabilidad, etc. [NR] por D. Manuel de la Revilla y D. Pedro de Alcántara García
250 ## - MENCION DE EDICION [NR]
Mención de edición [NR] Tercera edición
Resto de la mención de edición [NR] Escrupulosamente corregida
260 ## - PUBLICACION, DISTRIBUCION, ETC. (PIE DE IMPRENTA) [R]
Lugar de publicación, distribución, etc. [R] Madrid (España)
Nombre del editor, distribuidor, etc. [R] Librería de Francisco Yravedra
-- Imprenta de J. García
Fecha de publicación, distribución, etc. [R] 1884
300 ## - DESCRIPCION FISICA [R]
Extensión [R] xi, 528 páginas
Dimensiones [R] 21 x 15 cm
500 ## - NOTA GENERAL [R]
Nota general [NR] Detalles físicos: Encuadernación rígida (Española) en cartón duro, forrado en piel de color claro, con jaspeados. Lomo con dos tejuelos de cuero y adornos en dorado. Tapas con algunas raspaduras y dobleces. Guardas en papel de agua. Hoja de cortesía. Anteportada. Portada impresa en una sola tinta, sello de tinta. Texto impreso en una sola columna. Notas de pie de página. Últimas hojas con dobleces. Colección incompleta
505 0# - NOTA DE CONTENIDO CON FORMATO PREESTABLECIDO [R]
Nota de contenido con formato preestablecido [NR] V.1: Principios Generales de Literatura: Ideas generales ; Acepciones de la palabra ; División de la Literatura ; Parte Primera: Elementos esenciales del arte literario ; La Belleza: La fealdad ; Grados de belleza ; Concepto de lo sublime ; Producción de la belleza por el hombre ; Naturaleza del arte bello ; Clasificación de las artes ; La Palabra: Idea general del lenguaje ; Elementos materiales ; La palabra como expresión del espíritu humano ; Vida del lenguaje: los idiomas ; Clasificación de las lenguas ; Lenguaje vulgar y lenguaje literario ; Parte Segunda: Teoría de la producción literaria: El artista ; La obra ; El Público ; Parte Tercera: La Poesía ; La Oratoria ; La Didáctica
506 ## - NOTA DE RESTRICCIONES DE ACCESO [R]
Condiciones de acceso [NR] Consulta en sala
650 #7 - ASIENTO SECUNDARIO DE MATERIA - TERMINO TEMATICO [R]
Fuente del encabezamiento o término [NR] Literatura española
9 (RLIN) 52965
Término temático o nombre geográfico como elemento de entrada [NR] Literatura española
Subdivisión general [R] Historia y crítica
690 ## - ASUNTO AGREGADO LOCAL DE ENTRADA - TÉRMINO TEMÁTICO (OCLC, RLIN)
Acceso temático local Literatura española
9 (RLIN) 7793
700 1# - ASIENTO SECUNDARIO - NOMBRE PERSONAL [R]
Nombre personal [NR] García, Pedro de Alcántara
Fechas asociadas con el nombre [NR] 1842-1906
9 (RLIN) 83956
856 41 - LOCALIZACION Y ACCESO ELECTRONICOS [R]
Identificador Uniforme del Recurso (“URI”) [R] <a href="http://www.cervantesvirtual.com/obra-visor/principios-generales-de-literatura-e-historia-de-la-literatura-espanola--0/html/?_ga=1.244132357.1406948315.1449161672">http://www.cervantesvirtual.com/obra-visor/principios-generales-de-literatura-e-historia-de-la-literatura-espanola--0/html/?_ga=1.244132357.1406948315.1449161672</a>
Nota dirigida al público [R] Disponible versión HTML
942 ## - ELEMENTOS DE ENTRADA AGREGADOS (KOHA)
Tipo de ítem principal el descrito en 300a Libro
Edición 3
Sistema de clasificación LOCAL
Clasificación E42N030
Existencias
Suprimido Perdido Sistema de clasificación Dañado No prestable Tipo de ítem específico Ubicación habitual Ubicación actual Localización Fecha de creación Forma de adquisición Costo Volúmen / Fascículo Total préstamos Signatura topográfica Código de barras Última vez visto Ejemplar Price effective from Tipo de ítem
    LOCAL     Libro archivo Archivo Histórico Archivo Histórico Archivo histórico 08/02/2017 Donación 0.00 V.1   E42N030 L006143 08/02/2017 Ej.1 08/02/2017 Libro